Best MLB Debut Player From Every Year - Statistics

General Stats
  • This quiz has been taken 29 times
  • The average score is 15 of 25
Answer Stats
Year Debut Team Player WAR % Correct
2016 New York Yankees Aaron Judge 45.7
96%
2018 Los Angeles Angels Shohei Ohtani 37.7
91%
2011 Los Angeles Angels Mike Trout 86.2
87%
2019 San Diego Padres Fernando Tatis Jr. 20.7
83%
2022 Seattle Mariners Julio Rodriguez 12.5
78%
2005 Detroit Tigers Justin Verlander 81.7
78%
2008 Los Angeles Dodgers Clayton Kershaw 79.7
74%
2015 Cleveland Guardians Francisco Lindor 44.3
74%
2010 Atlanta Braves Freddie Freeman 58.3
74%
2012 Baltimore Orioles Manny Machado 55.2
74%
2009 Pittsburgh Pirates Andrew McCutchen 49.1
70%
2003 Florida Marlins Miguel Cabrera 67.1
70%
2014 Boston Red Sox Mookie Betts 68.5
70%
2007 Cincinnati Reds Joey Votto 64.5
65%
2001 St. Louis Cardinals Albert Pujols 101.4
61%
2013 Colorado Rockies Nolan Arenado 54.1
61%
2023 New York Yankees Anthony Volpe 6.1
57%
2024 Chicago Cubs Shota Imanaga 2.1
57%
2002 Cleveland Guardians Cliff Lee 43.2
30%
2017 Oakland Athletics Matt Chapman 33.9
30%
2004 Kansas City Royals Zack Greinke 77.5
30%
2006 Philadelphia Phillies Cole Hamels 59.0
26%
2000 Chicago White Sox Mark Buehrle 59.1
17%
2021 San Diego Padres Ha-Seong Kim 14.3
13%
2020 New York Mets Andres Gimenez 16.1
4%
No matching quizzes found
Score Distribution
Percent of People with Each Score
Percentile by Number Answered
Your Score History
You have not taken this quiz